000 00473nam a2200157Ia 4500
008 210716s2012 xx 000 0 und d
020 _a9788184871166
041 _aeng
082 _a621.3916 GANA
100 _aGanguly, Amar K;Ganguly, Anuva.
245 _aMicroprocessors and microcontrollers 8085,8086 and 8051.
250 _a1
260 _aNew Delhi
_bNarosa Publishing House
_c2012
300 _axvi,14.40,AV112,I.6
650 _aMicrocontrollers & Microprocessors
999 _c192244
_d192244